| 000 | 01085cam a22003135a 4500 | ||
|---|---|---|---|
| 001 | 015521585 | ||
| 003 | OSt | ||
| 005 | 20151129132946.0 | ||
| 008 | 100329s2010 nyu frb f001 0 eng d | ||
| 020 | _a9780199740277 (pbk.) | ||
| 020 | _a0199740275 (pbk.) | ||
| 040 |
_aStDuBDS _beng _cStDuBDS _dEG-ScBUE |
||
| 082 | 0 | 4 |
_a320.082 _222 _bKRO |
| 100 | 1 |
_aKrook, Mona Lena. _938803 |
|
| 245 | 1 | 0 |
_aQuotas for women in politics : _bgender and candidate selection reform worldwide / _cMona Lena Krook. |
| 260 |
_aNew York ; _aOxford : _bOxford University Press, _c2010. |
||
| 300 |
_axi, 290 p. ; _c24 cm. |
||
| 500 | _aOriginally published: 2009. | ||
| 500 | _aIndex : p. 271-290. | ||
| 504 | _aBibliography : p. 245-270. | ||
| 650 | 0 |
_aWomen _xPolitical activity _xStatistics. _2BUEsh |
|
| 650 | 0 |
_aWomen politicians _xStatistics. _2BUEsh |
|
| 650 | 0 |
_aWomen _xPolitical activity _vCross-cultural studies. _2BUEsh |
|
| 650 | 0 |
_aWomen politicians _vCross-cultural studies. _2BUEsh |
|
| 651 | _2BUEsh | ||
| 653 |
_bBUSBOL _cNovember2015 |
||
| 655 |
_vReading book _934232 |
||
| 942 | _2ddc | ||
| 999 |
_c21088 _d21060 |
||